| 000 | 00628pam a2200229 a 4500 | ||
|---|---|---|---|
| 001 | 4788377 | ||
| 005 | 20180118051726.0 | ||
| 008 | 870616s1988 nyu 001 0 eng | ||
| 010 | _a 87045602 | ||
| 020 |
_a0060158549 : _c$18.95 |
||
| 020 |
_a0060914556 (pbk.) : _c$9.95 |
||
| 040 |
_aDLC _cDLC _dDLC |
||
| 041 | _aeng | ||
| 043 | _an-us--- | ||
| 080 | _a330.973 WEE | ||
| 082 | 0 | 0 |
_a330.973 WEE _219 |
| 100 | 1 | _a52 | |
| 101 | _aECO | ||
| 245 | 1 | 4 |
_aThe wealth of the nation : _cStuart Bruchey. |
| 906 |
_a7 _bcbc _corignew _d1 _eocip _f19 _gy-gencatlg |
||
| 942 |
_2ddc _cBK |
||
| 999 |
_c40462 _d40462 |
||